000 00282nam a22001337a 4500
008 170911b xxu||||| |||| 00| 0 eng d
020 _a9780618592265
041 _aeng
080 _a52
100 _a42
101 _aAST
245 _aCOSMIC JACKPOT
_cDAVIES.P
942 _2udc
_cBK
999 _c27077
_d27077